|
|
|
|
| LEADER |
00000cam a2200000 7i4500 |
| 001 |
0000002830 |
| 005 |
20040120.0 |
| 090 |
0 |
0 |
|a 668.65
|b MET 1978
|
| 245 |
0 |
0 |
|a METHODS for sampling and assessing deposits of insecticidal sprays released over forests
|c compiled by John W. Barry ... (et al.)
|
| 260 |
0 |
0 |
|a (USA :
|b United States Department of Agriculture) ,
|c 1978
|
| 300 |
|
|
|a 162 p. :
|b ill. ;
|c 28 cm.
|
| 440 |
0 |
0 |
|a Technical bulletin; no. 1596
|
| 500 |
0 |
0 |
|a Bibliography : p. 131-137
|
| 650 |
0 |
0 |
|a Insecticides
|
| 700 |
0 |
1 |
|a Barry
|h John W.
|
| 998 |
|
|
|a JPSM
|
| 999 |
|
|
|a 0000004475
|b Monograph
|c Open Shelf
|e Default branch
|